000 00351nam a2200121 i 4500
001 bg
245 0 _aKonstytucja Polskiej Rzeczypospolitej Ludowej :
_bprojekt ustawy z dnia 23 stycznia 1952 r. przez Komisja Konstytucyjna.
260 _aWarszawa,
_c1975.
040 _cBPK
041 _apol
942 _cKS
008 s pl f |000 0 pol
999 _c16278
_d16278
856 _uhttp://koha.tu.koszalin.pl/cgi-bin/koha/opac-detail.pl?biblionumber=16278
_yKatalog online BPK